000
00304nam a2200157Ia 4500
100
_a
Husain Kamran
250
_a
2
942
_c
BK
654
_a
linux
245
_a
Linux Unleashed
260
_b
Techmedia
_c
1998
082
_a
005.133(W)HUS
300
_a
1176
546
_a
ENGLISH
999
_c
21477
_d
21477